Top K-pop 2023 - Statistics

General Stats
  • This quiz has been taken 5 times
  • The average score is 6 of 25
Answer Stats
Hint Answer % Correct
SEVENTEEN Super
100%
NewJeans Super Shy
100%
RIIZE Get A Guitar
60%
IVE I Am
60%
NewJeans OMG
60%
LE SSERAFIM Eve, Psyche & The Bluebeard’s Wife
40%
ZEROBASEONE In Bloom
40%
AKMU Love Lee
40%
Dynamicduo & Lee Youngji Smoke
40%
iKON U
40%
Stray Kids LALALALA
20%
Jimin Like Crazy
20%
ENHYPEN Sweet Venom
20%
Sik-K 5882 (OPPA ASAP)
0%
Jay Park & Zion.T Candy
0%
Sung Si Kyung & Naul Even For A Moment
0%
TripleS Girls’ Capitalism
0%
Jinbo, GSoul & touch Good Life
0%
Crush Hmm-cheat
0%
Chuu Howl
0%
Parc Jae Jung Let's Say Goodbye
0%
The New Six Love Or Die
0%
Woody Marry Me
0%
So!YoON! & RM Smoke Sprite
0%
Jung Yong Hwa Your City
0%
No matching quizzes found
Score Distribution
Percent of People with Each Score
Percentile by Number Answered
Your Score History
You have not taken this quiz